| 000 | 01408 am a22003738a 4500 | ||
|---|---|---|---|
| 001 | 009702811 | ||
| 003 | EG-ScBUE | ||
| 005 | 20251125102932.0 | ||
| 008 | 030320t2003 inu f b 001 0 eng d | ||
| 020 | _a0253216052 (pbk.) | ||
| 020 | _a9780253216052 | ||
| 040 |
_aStDuBDS _beng _erda _dUk _dEG-ScBUE _cEG-ScBUE |
||
| 082 | 0 | 4 |
_a302.230917671 _222 _bNEW |
| 245 | 0 | 0 |
_aNew media in the Muslim world : _bthe emerging public sphere / _cDale F. Eickelman and Jon W. Anderson, editors. |
| 250 | _aSecond edition. | ||
| 264 | 1 |
_aBloomington, IN : _bIndiana University Press, _c[2003] |
|
| 264 | 4 | _cc2003 | |
| 300 |
_a240 pages : _billustrations ; _c24 cm. |
||
| 336 |
_atext _2rdacontent _btxt |
||
| 337 |
_aunmediated _2rdamedia _bn |
||
| 338 |
_avolume _2rdacarrier _bnc |
||
| 490 | 0 | _aIndiana series in Middle East studies | |
| 504 | _aIncludes bibliographical references and index. | ||
| 650 | 7 |
_aCommunication _xReligious aspects _xIslam. _2BUEsh |
|
| 650 | 7 |
_aCommunication _xSocial aspects _zIslamic countries. _2BUEsh |
|
| 650 | 7 |
_aCommunication policy _zIslamic countries. _2BUEsh |
|
| 650 | 7 |
_aDiscourse analysis _xSocial aspects _zIslamic countries. _2BUEsh |
|
| 655 | _vReading book | ||
| 700 | 1 |
_aEickelman, Dale F., _d1942- _eeditor. |
|
| 700 | 1 |
_aAnderson, Jon, _d1936-2014, _eeditor. |
|
| 942 |
_2ddc _cBB |
||
| 999 |
_c31008 _d30979 |
||